• 首页
  • 本馆介绍
  • 公告通知
  • 最新文献
  • 馆藏检索
  • 电子资源
  • 读者导购
  • 参考咨询
  • 我的图书馆
  • 登录
  • 详细信息显示
  • 放入我的书架
  • 预约/预借图书
  • 作者相关作品
  • 分类相关作品
  • 丛书相关作品
  • 出版社相关作品

书目信息

  • 表格格式
  • 工作单格式
  • 卡片格式
题名:
做个有气质有品位受欢迎的女人
    
 
作者: 朱红 编著
分册:  
出版信息: 北京   中国纺织出版社  2017
页数: 260页
开本: 24cm
丛书名:
单 册:
中图分类: B848.1
科图分类:
主题词: 女性--气质--通俗读物
电子资源:
ISBN: 978-7-5180-3253-2
000 00928nam0 2200229 45
001 012001000343
005 20140920091301.0
010    @a978-7-5180-3253-2@dCNY36.80
100    @a20170619d2017 em y0chiy50 ea
101 0  @achi
102    @aCN@b110000
105    @ay z 000yy
106    @ar
200 1  @a做个有气质有品位受欢迎的女人@9Zuo Ge You Qi Zhi You Pin Wei Shou Huan Ying De Nv Ren@f朱红编著
210    @a北京@c中国纺织出版社@d2017
215    @a260页@d24cm
330    @a本书以上、中、下三篇的形式全面地介绍了提高女性人气的方法和技巧,是女人提升自身气质、打造非凡品位、修炼处世技巧的实用读本,旨在帮助女性读者增添亮丽的资本,收获如意的人生。全书共分十七章,主要内容包括:俏丽女人,打造完美形象、气质女人,深谙礼仪之道、智慧女人,追求知性优雅等。
606 0  @a女性@x气质@j通俗读物
690    @aB848.1@v5
701  0 @a朱红@9Zhu Hong@4编著
801  0 @aCN@b上海新华@c20180901
905    @b1041513-17@dB848.1@e2573@f5
    
    做个有气质有品位受欢迎的女人/朱红编著.-北京:中国纺织出版社,2017
    260页;24cm
    
    
    ISBN 978-7-5180-3253-2:CNY36.80
    本书以上、中、下三篇的形式全面地介绍了提高女性人气的方法和技巧,是女人提升自身气质、打造非凡品位、修炼处世技巧的实用读本,旨在帮助女性读者增添亮丽的资本,收获如意的人生。全书共分十七章,主要内容包括:俏丽女人,打造完美形象、气质女人,深谙礼仪之道、智慧女人,追求知性优雅等。
●
相关链接 在E读中查询图书 在五车中查询图书 在当当中查询图书 在豆瓣中查询图书


正题名:做个有气质有品位受欢迎的女人     索取号:B848.1/2573         预约/预借

序号 登录号 条形码 馆藏地/架位号 状态 备注
1 1041513   210415139   第一样本阅览室/ [索取号:B848.1/2573] 在馆    
2 1041514   210415148   第一借阅区/ [索取号:B848.1/2573] 在馆    
3 1041515   210415157   第一借阅区/ [索取号:B848.1/2573] 在馆    
4 1041516   210415166   第一借阅区/ [索取号:B848.1/2573] 在馆    
5 1041517   210415175   第一借阅区/ [索取号:B848.1/2573] 在馆    
唐山师范学院图书馆 欢迎您!
大连网信软件有限公司© 版权所有